South Eastern Kenya University

Library Online Public Access Catalogue


Limnology : (Record no. 1844)

MARC details
000 -LEADER
fixed length control field 00516cam a22001574a 4500
020 ## - ISBN
International Standard Book Number 0127447601 (alk. paper)
050 00 - LIBRARY OF CONGRESS CALL NUMBER
Classification Number QH96
Item Number .W47 2001
100 1# - MAIN ENTRY--Author
Personal name Wetzel, Robert G.
245 10 - TITLE
Title Limnology :
Remainder of title lake and river ecosystems /
Statement of responsibility, etc Robert G. Wetzel.
250 ## - EDITIONSTATEMENT
Edition statement 3rd ed.
260 ## - PUBLICATION, DISTRIBUTION, ETC.(IMPRINT)
Place of publication, distribution, etc San Diego :
Name of publisher, distributor, etc Academic Press,
Date of publication, distribution, etc c2001.
300 ## - PHYSICAL DESCRIPTION
Extent xvi, 1006 p. :
856 42 - URL/ELECTRONIC LOCATION AND ACCESS
Uniform Resource Identifier <a href="http://www.loc.gov/catdir/description/els031/00110178.html">http://www.loc.gov/catdir/description/els031/00110178.html</a>
856 41 - URL/ELECTRONIC LOCATION AND ACCESS
Uniform Resource Identifier <a href="http://www.loc.gov/catdir/enhancements/fy0610/00110178-t.html">http://www.loc.gov/catdir/enhancements/fy0610/00110178-t.html</a>
942 ## - ADDED ENTRY ELEMENTS(KOHA)
Koha item type General circulation
Holdings
Source of classification or shelving scheme Not for loan Location (home branch) Sublocation (holding branch) Date accessioned Cost, normal purchase price Full call number Barcode Cost, replacement price Koha item type Public note Copy number
Library of Congress Classification   Main Campus Library Main Campus Library 26/08/2014 8088.39 QH96 .W47 2001 2017/019803 8588.00 General circulation leo  
Library of Congress Classification   Main Campus Library Main Campus Library 26/08/2014 8088.39 QH96 .W47 2001 2019/022292 8588.00 General circulation em C2
Kitui, Kenya.
+254736116989
library@seku.ac.ke